Adventure sports / (Record no. 129061)
[ view plain ]
| 000 -LEADER | |
|---|---|
| fixed length control field | 00928nam a22002897a 4500 |
| 003 - CONTROL NUMBER IDENTIFIER | |
| control field | dpl |
| 005 - DATE AND TIME OF LATEST TRANSACTION | |
| control field | 20180610160543.0 |
| 008 - FIXED-LENGTH DATA ELEMENTS--GENERAL INFORMATION | |
| fixed length control field | 180610b xxu||||| |||| 00| 0 eng d |
| 010 ## - LIBRARY OF CONGRESS CONTROL NUMBER | |
| LC control number | B-129685 |
| 020 ## - INTERNATIONAL STANDARD BOOK NUMBER | |
| Terms of availability | 110.00 |
| International Standard Book Number | 8123741111 |
| 035 ## - SYSTEM CONTROL NUMBER | |
| System control number | B-129685, B-129689 |
| 037 ## - SOURCE OF ACQUISITION | |
| Source of stock number/acquisition | Cen Lib/Ret |
| 040 ## - CATALOGING SOURCE | |
| Original cataloging agency | DPL |
| Language of cataloging | EN |
| Transcribing agency | 0 |
| 082 ## - DEWEY DECIMAL CLASSIFICATION NUMBER | |
| Classification number | 793.93 |
| Item number | CHO |
| 100 ## - MAIN ENTRY--PERSONAL NAME | |
| Personal name | Chowdhury, T.P.S. |
| 9 (RLIN) | 107619 |
| 245 ## - TITLE STATEMENT | |
| Title | Adventure sports / |
| Statement of responsibility, etc | by T.P.S.Chowdhury; illustrated by Deepthi Sethi [and] Narendra Taygi |
| 260 ## - PUBLICATION, DISTRIBUTION, ETC. (IMPRINT) | |
| Place of publication, distribution, etc | New Delhi |
| Name of publisher, distributor, etc | National Book Trust |
| Date of publication, distribution, etc | 2003 |
| 270 ## - ADDRESS | |
| Address | 5, Green Park |
| City | New Delhi |
| Postal code | 110016 |
| 300 ## - PHYSICAL DESCRIPTION | |
| Extent | xxii, 366p. : |
| Dimensions | 23cm(pbk) |
| Other physical details | ill. |
| 490 ## - SERIES STATEMENT | |
| Series statement | Young India library |
| 500 ## - GENERAL NOTE | |
| General note | Includes bibliographical references. |
| 650 ## - SUBJECT ADDED ENTRY--TOPICAL TERM | |
| Topical term or geographic name as entry element | Sports |
| 9 (RLIN) | 107620 |
| 650 ## - SUBJECT ADDED ENTRY--TOPICAL TERM | |
| Topical term or geographic name as entry element | Adventure sports |
| 9 (RLIN) | 107621 |
| 700 ## - ADDED ENTRY--PERSONAL NAME | |
| Personal name | Sethi, Deepthi |
| 9 (RLIN) | 25265 |
| 700 ## - ADDED ENTRY--PERSONAL NAME | |
| Personal name | Tyagi, Narendra |
| 9 (RLIN) | 14993 |
| 942 ## - ADDED ENTRY ELEMENTS (KOHA) | |
| Source of classification or shelving scheme | Dewey Decimal Classification |
| Koha item type | English Books |
| Classification part | 793.93 |
| Call number suffix | CHA |
| Withdrawn status | Lost status | Damaged status | Not for loan | Home library | Current library | Date acquired | Source of acquisition | Cost, normal purchase price | Total Checkouts | Full call number | Barcode | Date last seen | Date checked out | Copy number | Cost, replacement price | Price effective from | Koha item type | Source of classification or shelving scheme | Collection code |
|---|---|---|---|---|---|---|---|---|---|---|---|---|---|---|---|---|---|---|---|
| Central Library | Central Library | 04/07/2015 | Cen Lib/Ret | 110.00 | 2 | 793.93 CHO | B-129685 | 29/11/2019 | 15/11/2019 | 1 | 110.00 | 04/07/2015 | English Books | ||||||
| Central Library | Central Library | 26/11/2019 | 110.00 | 793.93 CHA | B-209642 | 26/11/2019 | 110.00 | 26/11/2019 | English Books | Dewey Decimal Classification | |||||||||
| Sarojini Nagar | Sarojini Nagar | 10/05/2019 | 793.93 CHA | B-129687 | 10/05/2019 | 10/05/2019 | English Books | Dewey Decimal Classification | Non-fiction | ||||||||||
| Shahdara Branch | Shahdara Branch | 10/06/2018 | BPPD/PUB | 110.00 | 793.93 CHA | B-129689 | 10/06/2018 | 110.00 | 10/06/2018 | English Books | Dewey Decimal Classification | Non-fiction |
